Missing Word: Classic TV Quiz Stats

 Plays Quiz Updated May 31, 2018

Score 0/16 Timer 03:00
0 Plays Today
Hint Missing Word % Correct
The Brady _______Bunch
98.6%
The Beverly _________Hillbillies
95.2%
Dennis the _________Menace
95%
The _________ Zone Twilight
95%
Hogan's _______Heroes
91.4%
The Andy ________ ShowGriffith
90.2%
_________ Mason Perry
90%
My _______ SonsThree
89.2%
Hint Missing Word % Correct
______ Knows BestFather
88.9%
The Mod _______Squad
87.2%
Petticoat ________Junction
84.6%
McHale's ______Navy
81.4%
Car _____ Where Are You?54
80.3%
The ______ Duke ShowPatty
78.7%
My Favorite _______Martian
78.4%
The Many Loves of _________ Gillis Dobie
65.8%

Today's Daily Dose

You're not logged in!

Compare scores with friends on all Sporcle quizzes.
OR
Log In

Sporcle TV

Today on Sporcle TV


Watch our educational content, quiz creation guides, and fun videos on Sporcle TV.

Show Comments

Extras

Top Quizzes Today


Score Distribution

Your Account Isn't Verified!

In order to create a playlist on Sporcle, you need to verify the email address you used during registration. Go to your Sporcle Settings to finish the process.

Report this User

Report this user for behavior that violates our Community Guidelines.

Details: